নজরুলের কবিতা : (Record no. 41201)
[ view plain ]
| 000 -LEADER | |
|---|---|
| fixed length control field | 00903nam a2200241 a 4500 |
| 001 - CONTROL NUMBER | |
| control field | 41201 |
| 003 - CONTROL NUMBER IDENTIFIER | |
| rucl marc code | BD-RjUL |
| 005 - DATE AND TIME OF LATEST TRANSACTION | |
| control field | 20211209053339.0 |
| 008 - FIXED-LENGTH DATA ELEMENTS--GENERAL INFORMATION | |
| fixed length control field | 160517s1997 ii a|||| |||| 00| p ben d |
| 020 ## - INTERNATIONAL STANDARD BOOK NUMBER | |
| Terms of availability | IRs. 30.00 |
| 035 ## - SYSTEM CONTROL NUMBER | |
| System control number | (BD-RjUL)41317 |
| 040 ## - CATALOGING SOURCE | |
| Original cataloging agency | BD-RjUL |
| Language of cataloging | ben |
| Transcribing agency | BD-RjUL |
| Modifying agency | BD-RjUL |
| 041 ## - LANGUAGE CODE | |
| Language code of text/sound track or separate title | ben |
| 082 ## - DEWEY DECIMAL CLASSIFICATION NUMBER | |
| Edition number | 23 |
| Classification number | 891.441 |
| Author mark and year | GUN 1997 |
| 100 ## - MAIN ENTRY--PERSONAL NAME | |
| Personal name | গুপ্ত, ক্ষেত্র |
| 9 (RLIN) | 126754 |
| 245 10 - TITLE STATEMENT | |
| Title | নজরুলের কবিতা : |
| Remainder of title | অসংযমের শিল্প / |
| Statement of responsibility, etc. | ক্ষেত্র গুপ্ত |
| 260 ## - PUBLICATION, DISTRIBUTION, ETC. (IMPRINT) | |
| Place of publication, distribution, etc. | কলিকাতা : |
| Name of publisher, distributor, etc. | সাহিত্য প্রকাশ, |
| Date of publication, distribution, etc. | ১৯৯৭ |
| 300 ## - PHYSICAL DESCRIPTION | |
| Pagination | [১০], ১০৫পৃ. : |
| Illustrations | চিত্র ; |
| Size | ২৩ সেমি. |
| 500 ## - GENERAL NOTE | |
| General note | পরিশিষ্ট সংযুক্ত |
| 650 ## - SUBJECT ADDED ENTRY--TOPICAL TERM | |
| Topical term or geographic name as entry element | বাংলা কবিতা |
| 9 (RLIN) | 126755 |
| Topical term or geographic name as entry element | Bengali Poetry |
| 9 (RLIN) | 126756 |
| 942 ## - ADDED ENTRY ELEMENTS (KOHA) | |
| Source of classification or shelving scheme | Dewey Decimal Classification |
| Koha item type | Books |
| Lost status | Source of classification or shelving scheme | Damaged status | Not for loan | Collection code | Permanent Location | Current Location | Shelving location | Date acquired | Source of acquisition | Cost, normal purchase price | Total Checkouts | Full call number | Date last seen | Date checked out | Copy number | Koha item type |
|---|---|---|---|---|---|---|---|---|---|---|---|---|---|---|---|---|
| Dewey Decimal Classification | Non-fiction | Central Library, University of Rajshahi | Central Library, University of Rajshahi | 28/05/2007 | Paragogn Enterprise, Dhaka | 30.00 | 3 | B 891.441 GUN 1997 | 27/04/2026 | 23/04/2026 | C-2 | Books | ||||
| Dewey Decimal Classification | Not For Loan | Non-fiction | Central Library, University of Rajshahi | Central Library, University of Rajshahi | Reading Room | 28/05/2007 | Paragogn Enterprise, Dhaka | 30.00 | B 891.441 GUN 1997 | 31/01/2017 | C-1 | Books |